Thử đi tìm những phương pháp dạy học hiệu quả
Đã lưu trong:
| Tác giả chính: | |
|---|---|
| Định dạng: | Sách |
| Năm xuất bản: |
H
Giáo dục
2000
|
| Phiên bản: | Tái bản lần thứ 2 |
| Chủ đề: | |
| Tags: |
Thêm thẻ
Không có thẻ, Hãy là người đầu tiên gắn thẻ bản ghi này!
|
| LEADER | 00909nam a2200193 4500 | ||
|---|---|---|---|
| 082 | |a 371.3 |b L250NG | ||
| 100 | |a Lê Nguyên Long | ||
| 245 | |a Thử đi tìm những phương pháp dạy học hiệu quả |c Lê Nguyên Long | ||
| 250 | |a Tái bản lần thứ 2 | ||
| 260 | |a H |b Giáo dục |c 2000 | ||
| 300 | |a 150tr. |c 21cm. | ||
| 520 | |a | ||
| 653 | |a Giáo dục | ||
| 653 | |a Phương pháp dạy học | ||
| 942 | |2 ddc |c STK0 | ||
| 999 | |c 10258 |d 10258 | ||
| 952 | |0 0 |1 0 |2 ddc |4 0 |6 371_000000000000000_L250NG |7 0 |8 300 |9 79469 |a qbu |b qbu |c D2 |d 2015-07-20 |g 10500 |o 371 L250NG |p 10220.c1 |r 0000-00-00 |w 2015-07-20 |y STK0 | ||
| 952 | |0 0 |1 0 |2 ddc |4 0 |6 371_000000000000000_L250NG |7 0 |8 300 |9 79470 |a qbu |b qbu |c D2 |d 2015-07-20 |g 10500 |o 371 L250NG |p 10220.c2 |r 0000-00-00 |w 2015-07-20 |y STK0 | ||
| 952 | |0 0 |1 0 |2 ddc |4 0 |6 371_000000000000000_L250NG |7 0 |8 300 |9 79471 |a qbu |b qbu |c D2 |d 2015-07-20 |g 10500 |o 371 L250NG |p 10220.c3 |r 0000-00-00 |w 2015-07-20 |y STK0 | ||